[Event "Mittelfranken-chTB2a 1920"]
[Site "Mittelfranken"]
[Date "2020.01.12"]
[Round "4.5"]
[White "Leuchs, Heinz"]
[Black "Kretschmer, Wolfgang2222"]
[Result "0-1"]
[WhiteElo "1016"]
[BlackElo "1696"]
[PlyCount "70"]
[EventDate "2019.10.13"]
[EventType "team-tourn"]
[EventRounds "9"]
[EventCountry "GER"]
[SourceTitle "EXT 2023"]
[Source "ChessBase"]
[SourceDate "2022.10.05"]
[SourceVersion "1"]
[SourceVersionDate "2022.10.05"]
[SourceQuality "1"]
[WhiteTeam "Dombuehl"]
[BlackTeam "Bubenreuth"]
[WhiteTeamCountry "GER"]
[BlackTeamCountry "GER"]

1. e4 c5 2. Nf3 d6 3. Nc3 a6 4. Be2 Nc6 5. a3 e5 6. h3 Nf6 7. d3 Be7 8. Bg5 h6 9. Bxf6 Bxf6 10. 0-0 g6 11. Nd5 Bg7 12. Qd2 Be6 13. c4 0-0 14. Rab1 Ne7 15. Nxe7+ Qxe7 16. b4 f5 17. bxc5 dxc5 18. Qb2 Bc8 19. Qc1 g5 20. Nd2 g4 21. hxg4 fxg4 22. g3 h5 23. f3 Qg5 24. Qe1 Qe3+ 25. Rf2 Bh6 26. Nf1 Qd4 27. Kh1 Be3 28. Rh2 gxf3 29. Nxe3 Qxe3 30. Rf2 fxe2 31. Rxf8+ Kxf8 32. Rb2 Bg4 33. Rxb7 Kg8 34. Rb6 Rf8 35. Rg6+ Kh7 0-1